Poesía de nuestro tiempo

Gespeichert in:
Bibliographische Detailangaben
1. Verfasser: Cohen, J. M.
Format: Unbekannt
Veröffentlicht: México Fondo de Cultura Económica 1963
Schriftenreihe:Breviarios 171
Schlagworte:
Tags: Tag hinzufügen
Keine Tags, Fügen Sie den ersten Tag hinzu!

MARC

LEADER 000000000a22000000004500
001 002094
041 0 |a español 
092 0 |a 809.04 C678p 
100 1 |a Cohen, J. M. 
245 1 0 |a Poesía de nuestro tiempo 
260 |a México   |b Fondo de Cultura Económica   |c 1963 
300 |a 367 páginas 
440 |a Breviarios   |v 171 
500 |a Número de inscripción 04767 -- Título original: Poetr of this age 
650 4 |a POESIA MODERNA 
650 4 |a HISTORIA Y CRITICA 
650 4 |a SIGLO XX 
999 |c 2964  |d 2964